000 00478nam a2200133 a 4500
008 120416s1977 ||||||||||||||||| || u
050 _aHF 5550 Mat
100 _aMatthews, Lawrence M
245 1 0 _aPractical operating budgeting
260 _aNew York
_bMcGraw-Hill
_c1977
300 _axiii, 238p. : ill.
350 _a0.00
995 _D0.00
_FCBU-MAIN LIBRARY (Kitwe)
_H1
_I0.00
_UAVAILABLE
_ZMain Library Open Access Collection
999 _c54274
_d54274